|
|
|
|
| LEADER |
02892nam a22005895i 4500 |
| 001 |
978-0-306-46958-9 |
| 003 |
DE-He213 |
| 005 |
20151204164815.0 |
| 007 |
cr nn 008mamaa |
| 008 |
100301s2002 xxu| s |||| 0|eng d |
| 020 |
|
|
|a 9780306469589
|9 978-0-306-46958-9
|
| 024 |
7 |
|
|a 10.1007/b115767
|2 doi
|
| 040 |
|
|
|d GrThAP
|
| 050 |
|
4 |
|a QA75.5-76.95
|
| 072 |
|
7 |
|a UY
|2 bicssc
|
| 072 |
|
7 |
|a UYA
|2 bicssc
|
| 072 |
|
7 |
|a COM014000
|2 bisacsh
|
| 072 |
|
7 |
|a COM031000
|2 bisacsh
|
| 082 |
0 |
4 |
|a 004.0151
|2 23
|
| 245 |
1 |
0 |
|a Advances in Network and Distributed Systems Security
|h [electronic resource] :
|b IFIP TC11 WG11.4 First Annual Working Conference on Network Security November 26–27, 2001, Leuven, Belgium /
|c edited by Bart De Decker, Frank Piessens, Jan Smits, Els Van Herreweghen.
|
| 264 |
|
1 |
|a Boston, MA :
|b Springer US,
|c 2002.
|
| 300 |
|
|
|a XIV, 204 p.
|b online resource.
|
| 336 |
|
|
|a text
|b txt
|2 rdacontent
|
| 337 |
|
|
|a computer
|b c
|2 rdamedia
|
| 338 |
|
|
|a online resource
|b cr
|2 rdacarrier
|
| 347 |
|
|
|a text file
|b PDF
|2 rda
|
| 490 |
1 |
|
|a IFIP International Federation for Information Processing,
|x 1571-5736 ;
|v 78
|
| 505 |
0 |
|
|a A Role-based Specification of the SET Payment Transaction Protocol -- Information Security: Mutual Authentication in E-commerce -- Software-based Receipt-freeness in On-line Elections -- ID-based Structured Multisignature Schemes -- Probabilistic Relations for the Solitaire Keystream Generator -- Hazard Analysis for Security Protocol Requirements -- Securing RMI Communication -- Secure Java Development with UML -- Security Through Aspect-oriented Programming -- Extending a Campus Network with Remote Bubbles Using IPsec -- Combining World Wide Web and Wireless Security -- On Mobile Agent Based Transactions in Moderately Hostile Environments -- Sparta -- Shell’s Trust Domain Infrastructure Security Certification.
|
| 650 |
|
0 |
|a Computer science.
|
| 650 |
|
0 |
|a Microprocessors.
|
| 650 |
|
0 |
|a Computer communication systems.
|
| 650 |
|
0 |
|a Computers.
|
| 650 |
|
0 |
|a Management information systems.
|
| 650 |
|
0 |
|a E-commerce.
|
| 650 |
1 |
4 |
|a Computer Science.
|
| 650 |
2 |
4 |
|a Theory of Computation.
|
| 650 |
2 |
4 |
|a Processor Architectures.
|
| 650 |
2 |
4 |
|a Computer Communication Networks.
|
| 650 |
2 |
4 |
|a e-Commerce/e-business.
|
| 650 |
2 |
4 |
|a Management of Computing and Information Systems.
|
| 700 |
1 |
|
|a Decker, Bart De.
|e editor.
|
| 700 |
1 |
|
|a Piessens, Frank.
|e editor.
|
| 700 |
1 |
|
|a Smits, Jan.
|e editor.
|
| 700 |
1 |
|
|a Herreweghen, Els Van.
|e editor.
|
| 710 |
2 |
|
|a SpringerLink (Online service)
|
| 773 |
0 |
|
|t Springer eBooks
|
| 776 |
0 |
8 |
|i Printed edition:
|z 9780792375586
|
| 830 |
|
0 |
|a IFIP International Federation for Information Processing,
|x 1571-5736 ;
|v 78
|
| 856 |
4 |
0 |
|u http://dx.doi.org/10.1007/b115767
|z Full Text via HEAL-Link
|
| 912 |
|
|
|a ZDB-2-SCS
|
| 912 |
|
|
|a ZDB-2-BAE
|
| 950 |
|
|
|a Computer Science (Springer-11645)
|